Statistiques concernant Marques Citation lettre à lettre

Cliquez ici pour prendre le quiz!

Statistiques générales

  • Ce quiz a été pris 108 fois
  • Le résultat moyen est 23 sur 40

Statistiques - réponses

LettreIndiceRéponse% Correct
A3 bandesAdidas
98%
MVoiture allemandeMercedes
95%
ISuédoisIkea
94%
EEau des bébésEvian
90%
LSupermarchés économiquesLidl
86%
NPâte à tartinerNutella
84%
RVoiture françaiseRenault
84%
UColleUHU
84%
LVoiture italienneLamborghini
83%
LSpécialiste du poloLacoste
82%
RMontre de luxeRolex
80%
UTaxi privéUber
78%
BVoiture anglaiseBentley
75%
PSoda au colaPepsi
75%
NCrème pour le visageNivéa
67%
EMarque d'imprimantesEpson
66%
TVoiture électriqueTesla
65%
IChez les mousquetairesIntermarché
64%
OBoisson à secouerOrangina
64%
DVoiture roumaineDacia
63%
IHôtel au nom d'oiseauIbis
63%
DOn se lève tous...Danette
57%
SVoiture japonaiseSuzuki
49%
LBriques danoisesLego
48%
OLessiveOmo
47%
TPétrolierTotal
47%
CMarque de CocoChanel
46%
SVoiture espagnoleSeat
45%
UGroupe lessivierUnilever
39%
PSans fuitesPampers
34%
UTransporteurUPS
34%
ESous-vêtementsEtam
33%
EEnchèresEbay
30%
SMarque de skiSalomon
27%
CitationLa meilleure des publicités est un bon produit
25%
BMarque de luxeBalenciaga
22%
EChaussures abordablesEram
20%
TAnti-adhésivesTéfal
17%
EFournisseur d'énergieEnedis
16%
IChaussures confortablesIsotoner
5%

Distribution des résultats

Percentile par nombre de réponses

% des personnes avec chaque résultat

Votre développement - résultats

Vous n’avez pas pris ce quiz